NGAYAU / (Record no. 202212)

MARC details
000 -LEADER
fixed length control field 00861nam a2200265 i 4500
003 - CONTROL NUMBER IDENTIFIER
control field OSt
005 - DATE AND TIME OF LATEST TRANSACTION
control field 20260514100646.0
008 - FIXED-LENGTH DATA ELEMENTS--GENERAL INFORMATION
fixed length control field 251217s2024 my gr 000 d may d
020 ## - INTERNATIONAL STANDARD BOOK NUMBER
International Standard Book Number 9789675485640
Qualifying information paperback
Terms of availability RM 30.00
040 ## - CATALOGING SOURCE
Original cataloging agency PPAK
Language of cataloging eng
Transcribing agency PPAK
Description conventions rda
082 04 - DEWEY DECIMAL CLASSIFICATION NUMBER
Classification number 899.232
Edition number 23
090 00 - LOCALLY ASSIGNED LC-TYPE CALL NUMBER (OCLC); LOCAL CALL NUMBER (RLIN)
Classification number (OCLC) (R) ; Classification number, CALL (RLIN) (NR) 899.232
Feature heading DAH
Feature heading G
100 0# - MAIN ENTRY--PERSONAL NAME
Personal name Dahiri Saini,
Dates associated with a name 1966-
Relator term author
245 10 - TITLE STATEMENT
Title NGAYAU /
Statement of responsibility, etc. DAHIRI SAINI ; Editor: Ahmad Zamani Ishak
264 #1 - PRODUCTION, PUBLICATION, DISTRIBUTION, MANUFACTURE, AND COPYRIGHT NOTICE
Place of production, publication, distribution, manufacture Kuala Lumpur :
Name of producer, publisher, distributor, manufacturer PERSATUAN PENULIS NASIONAL MALAYSIA (PENA),
Date of production, publication, distribution, manufacture, or copyright notice 2024
300 ## - PHYSICAL DESCRIPTION
Extent viii, 82 pages ;
Dimensions 23 cm
336 ## - CONTENT TYPE
Content type term text
Source rdacontent
337 ## - MEDIA TYPE
Media type term unmediated
Source rdamedia
338 ## - CARRIER TYPE
Carrier type term volume
Source rdacarrier
500 ## - GENERAL NOTE
General note Buku PENA MALAYSIA MADANI --Cover page
650 10 - SUBJECT ADDED ENTRY--TOPICAL TERM
Topical term or geographic name entry element Malay drama
Topical term or geographic name entry element Theatre
Geographic subdivision Malaysia
700 0# - ADDED ENTRY--PERSONAL NAME
Personal name Ahmad Zamani Ishak,
Relator term editor.
942 ## - ADDED ENTRY ELEMENTS (KOHA)
Source of classification or shelving scheme Dewey Decimal Classification
Koha item type Book
Holdings
Withdrawn Not for loan Current library Shelving location Date acquired Total Checkouts Full call number Barcode Date last seen Koha item type
    Perpustakaan Alor Setar Pinjaman Dewasa 22/12/2025   899.232 DAH A01891048 22/12/2025 Book
    Perpustakaan Awam Sungai Petani Pinjaman Dewasa 22/12/2025   899.232 DAH A01891049 22/12/2025 Book
    Perpustakaan Jitra Pinjaman Dewasa 22/12/2025   899.232 DAH A01891050 22/12/2025 Book
    Perpustakaan Kuala Nerang Pinjaman Dewasa 22/12/2025   899.232 DAH A01891058 22/12/2025 Book
    Perpustakaan Kulim Pinjaman Dewasa 22/12/2025   899.232 DAH A01891052 22/12/2025 Book
    Perpustakaan Langkawi Pinjaman Dewasa 22/12/2025   899.232 DAH A01891051 22/12/2025 Book
    Perpustakaan Merbok Pinjaman Dewasa 22/12/2025   899.232 DAH A01891055 22/12/2025 Book
    Perpustakaan Pendang Pinjaman Dewasa 22/12/2025   899.232 DAH A01891059 22/12/2025 Book
    Perpustakaan Yan Pinjaman Dewasa 22/12/2025   899.232 DAH A01891056 22/12/2025 Book
    PD04, Kg. Bukit Nambua, Kuala Nerang Pinjaman Dewasa 22/12/2025   899.232 DAH A01891063 22/12/2025 Book
    PD06, Kg. Kepala Bukit, Pendang Pinjaman Dewasa 22/12/2025   899.232 DAH A01891064 22/12/2025 Book
    PD08, Felda Gunung Bongsu, Kulim Pinjaman Dewasa 22/12/2025   899.232 DAH A01891066 22/12/2025 Book
    PD13, KEDA Lahar Tunjung, Pendang Pinjaman Dewasa 22/12/2025   899.232 DAH A01891069 22/12/2025 Book
    PD15, Kg. Naga, Kepala Batas Pinjaman Dewasa 22/12/2025   899.232 DAH A01891071 22/12/2025 Book
    PD18, Kg. Wang Tepus, Jitra Pinjaman Dewasa 22/12/2025   899.232 DAH A01891074 22/12/2025 Book
    PD19, KEDA Bendang Perang, Kota Setar Pinjaman Dewasa 22/12/2025   899.232 DAH A01891075 22/12/2025 Book
    PD23, Taman Mas Merah, Titi Gajah, Alor Setar Pinjaman Dewasa 22/12/2025   899.232 DAH A01891078 22/12/2025 Book
    PD24, Felda Bukit Tangga, Bukit Kayu Hitam Pinjaman Dewasa 22/12/2025   899.232 DAH A01891079 22/12/2025 Book
    PD27, Kg. Bendang Bukit, Pendang Pinjaman Dewasa 22/12/2025   899.232 DAH A01891081 22/12/2025 Book
    PD31, Kg. Gelam, Bedong Pinjaman Dewasa 22/12/2025   899.232 DAH A01891085 22/12/2025 Book
    PD33, Kg. Belau, Merbok Pinjaman Dewasa 22/12/2025   899.232 DAH A01891086 22/12/2025 Book
    PD35, Kg. Sungai Daun, Yan Pinjaman Dewasa 22/12/2025   899.232 DAH A01891087 22/12/2025 Book
    PD36, Kg. Kuala Lanjut, Kota Star Pinjaman Dewasa 22/12/2025   899.232 DAH A01891088 22/12/2025 Book
    PD37, Kg. Belat, Pendang Pinjaman Dewasa 22/12/2025   899.232 DAH A01891089 22/12/2025 Book